Zrýchlené skúšky životnosti tesniaceho teflónového krúžka

Enregistré dans:
Détails bibliographiques
Auteur principal: Škopek, Karol (Auteur)
Autres auteurs: Chmelko, Vladimír (Directeur de thèse)
Format: Manuscrit Livre
Langue:slovaque
Publié: 2023
Sujets:
Accès en ligne:http://is.stuba.sk/zp/portal_zp.pl?podrobnosti=171424
Tags: Ajouter un tag
Pas de tags, Soyez le premier à ajouter un tag!

MARC

LEADER 00000ntm a22000003a 4500
001 stuzp94767
003 SK-STU
005 20230909223118.7
007 ta
008 150427s2015----xo-----f-mn---000-0-slo-d
040 |a STU  |b slo 
041 0 |a slo 
100 1 |a Škopek, Karol  |u 020010  |k Z3  |4 aut  |U SjF Strojnícka fakulta  |T SjF Ústav aplikovanej mechaniky a mechatroniky  |X 88764  |U J0010  |Y 801  |7 88764 
242 0 1 |a Accelerated life testing of the Teflon sealing ring  |y eng 
245 1 0 |a Zrýchlené skúšky životnosti tesniaceho teflónového krúžka 
260 |c 2023 
650 4 |a piestový kompresor  |2 slo 
650 4 |a bezolejový kompresor  |2 slo 
650 4 |a tesniaci krúžok  |2 slo 
650 4 |a zrýchlené testy životnosti  |2 slo 
650 4 |a piston compressor  |2 eng 
650 4 |a sealing ring  |2 eng 
650 4 |a oil-free compressor  |2 eng 
650 4 |a accelerated life tests  |2 eng 
700 1 |a Chmelko, Vladimír  |u 020010  |k Z1  |4 ths  |U SjF Strojnícka fakulta  |T SjF Ústav aplikovanej mechaniky a mechatroniky  |X 2396  |U J0010  |Y 801  |7 A000002396 
856 4 |u http://is.stuba.sk/zp/portal_zp.pl?podrobnosti=171424